Paper Mario Games - Statistics

General Stats
  • This quiz has been taken 177 times
  • The average score is 6 of 6
Answer Stats
Console Game % Correct
N64 Paper Mario
99%
Switch Paper Mario: The Origami King
97%
GameCube Paper Mario: The Thousand Year Door
96%
WiiU Paper Mario: Colour Splash
94%
3DS Paper Mario: Sticker Star
92%
Wii Super Paper Mario
92%
No matching quizzes found
Score Distribution
Percent of People with Each Score
Percentile by Number Answered
Your Score History
You have not taken this quiz